Statistiche per Classifica Marcatori Hellas Verona All-Time

Clicka qui per fare il quiz!

Statistiche generali

  • Questo quiz è stato fatto 9 volte
  • Il punteggio medio è 2 su 11

Statistiche sulle risposte

GolNazioneCalciatore% Corretto
51ItaliaLuca Toni
88%
50ItaliaGiampaolo Pazzini
50%
48DanimarcaPreben Elkjaer-Larsen
25%
52BrasileAdaílton
13%
47ItaliaEmiliano Mascetti
13%
45ItaliaGiuseppe Galderisi
13%
42ArgentinaJuanito Gómez
13%
45BrasileArnaldo Porta
0%
50ItaliaEgidio Chiecchi
0%
42ItaliaFabrizio Cammarata
0%
66ItaliaSergio Sega
0%

Distribuzione punteggi

Percentile per numero di risposta

Percentuale di utenti per punteggio

I tuoi punteggi nel tempo

Non hai fatto questo quiz